| 000 | 00569cam a2200217 4500 | ||
|---|---|---|---|
| 001 | J63736 | ||
| 008 | 000000n2001 000 0 eng u | ||
| 035 | _a(Sirsi) u111347 | ||
| 041 | _aeng | ||
| 050 | _a711.552 | ||
| 110 |
_aIngleby Trice Kennard _93587 |
||
| 245 | _aCity floorspace survey January - Dec 2001 | ||
| 260 |
_aLondon _bIngleby Trice Kennard _c2001 |
||
| 300 | _a1 vol. ; 30cm. | ||
| 650 | _aCITY OF LONDON | ||
| 650 | _aFLOORSPACE STATISTICS | ||
| 650 | _aOFFICES | ||
| 650 | _aLONDON | ||
| 690 | _aPROPERTY-COMMERCIAL PROPERTY | ||
| 942 | _n0 | ||
| 999 |
_c101230 _d101230 |
||